Chromatography products : 1992/93 catalogue

Đã lưu trong:
書目詳細資料
格式: 圖書
語言:Undetermined
出版: U.S.A. Achrom NV 1993
主題:
標簽: 添加標簽
沒有標簽, 成為第一個標記此記錄!
Thư viện lưu trữ: Trung tâm Học liệu Trường Đại học Cần Thơ
LEADER 00439nam a2200169Ia 4500
001 CTU_160552
008 210402s9999 xx 000 0 und d
082 |a 543.089 
082 |b C557 
245 0 |a Chromatography products : 
245 0 |b 1992/93 catalogue 
260 |a U.S.A. 
260 |b Achrom NV 
260 |c 1993 
650 |a Chromatographic analysis 
904 |i Giang 
980 |a Trung tâm Học liệu Trường Đại học Cần Thơ